Contra viento y marea : (Record no. 19306)
[ view plain ]
| 000 -CABECERA | |
|---|---|
| campo de control de longitud fija | 00773nam a2200205 a 4500 |
| 001 - NÚMERO DE CONTROL | |
| campo de control | 000019793 |
| 005 - FECHA Y HORA DE LA ÚLTIMA TRANSACCIÓN | |
| campo de control | 20200929170136.0 |
| 008 - DATOS DE LONGITUD FIJA--INFORMACIÓN GENERAL | |
| campo de control de longitud fija | 910305s1990 bo af b 000 0dspa |
| 040 ## - FUENTE DE LA CATALOGACIÓN | |
| Centro catalogador/agencia de origen | DO-SdBNP |
| Lengua de catalogación | spa |
| Centro/agencia transcriptor | BNPHU |
| 100 1# - ENTRADA PRINCIPAL--NOMBRE DE PERSONA | |
| Nombre de persona | Lemaitre, Eduardo, |
| Fechas asociadas al nombre | 1914- |
| 9 (RLIN) | 42271 |
| 245 10 - MENCIÓN DE TÍTULO | |
| Título | Contra viento y marea : |
| Resto del título | la lucha de Rafael Núñez por el poder / |
| Mención de responsabilidad, etc. | Eduardo Lemaitre. |
| 260 ## - PUBLICACIÓN, DISTRIBUCIÓN, ETC. | |
| Lugar de publicación, distribución, etc. | Bogotá : |
| Nombre del editor, distribuidor, etc. | Instituto Caro y Cuervo, |
| Fecha de publicación, distribución, etc. | 1990. |
| 300 ## - DESCRIPCIÓN FÍSICA | |
| Extensión | 306 p., : |
| Otras características físicas | il. ; |
| Dimensiones | 20 cm. |
| 490 1# - MENCIÓN DE SERIE | |
| Mención de serie | La Granada entreabierta ; |
| Designación de volumen o secuencia | 53 |
| 504 ## - NOTA DE BIBLIOGRAFÍA, ETC. | |
| Nota de bibliografía, etc. | Biblioteca : p. 297-300 |
| 600 10 - PUNTO DE ACCESO ADICIONAL DE MATERIA--NOMBRE DE PERSONA | |
| Nombre de persona | Núñez, Rafael, |
| Fechas asociadas al nombre | 1825-1894. |
| 9 (RLIN) | 25606 |
| 651 #4 - PUNTO DE ACCESO ADICIONAL DE MATERIA--NOMBRE GEOGRÁFICO | |
| Nombre geográfico | Colombia |
| Subdivisión general | Politics And Government |
| Subdivisión cronológica | 1863-1885. |
| 9 (RLIN) | 32471 |
| 651 #4 - PUNTO DE ACCESO ADICIONAL DE MATERIA--NOMBRE GEOGRÁFICO | |
| Nombre geográfico | Colombia |
| Subdivisión general | Politics And Government |
| Subdivisión cronológica | 1886-1903. |
| 9 (RLIN) | 32472 |
| 830 #4 - PUNTO DE ACCESO ADICIONAL DE SERIE-TÍTULO UNIFORME | |
| Título uniforme | La Granada entreabierta |
| Designación de volumen o secuencia | 53 |
| 9 (RLIN) | 8104 |
| Estado de retiro | Estado de pérdida | Restricciones de uso | No para préstamo | Código de colección | Localización permanente | Ubicación/localización actual | Ubicación en estantería | Fecha de adquisición | Número de inventario | Total de préstamos | Signatura topográfica completa | Código de barras | Fecha visto por última vez | Precio válido a partir de | Tipo de ítem Koha |
|---|---|---|---|---|---|---|---|---|---|---|---|---|---|---|---|
| Excluido de préstamo | Monografías: Libros y Folletos | General | General | En catalogación | 06.07.2010 | LF1 | 19793-10 | 25.06.2020 | 25.06.2020 | No se presta |
